MARC

Tag First Indicator Second Indicator Subfields
LEADER 00000cam a2200000 i 4500
001 in00000036625
005 20160106094636.0
008 790214s1978 txua b s01110 eng
010 |a  78112737  
020 |c $20.00 
035 |a (OCoLC)04809903 
035 |9 AAD4097AM 
040 |a DLC  |c DLC  |d TXA  |d UtOrBLW 
043 |a n-us-tx 
049 |a TXAM  |c [1558908] 
050 0 0 |a RS111.T4  |b B87 
082 0 |a 615/.1/071176431 
100 1 |a Burlage, Henry M.,  |d 1897-1978. 
245 1 0 |a Pharmacy's foundation in Texas /  |c Henry M. Burlage, Margot E. Beutler. 
264 1 |a [Austin] :  |b Pharmaceutical Foundation of the College of Pharmacy of the University of Texas at Austin,  |c [1978] 
264 4 |c ©1978 
300 |a xii, 600 pages :  |b illustrations ;  |c 24 cm. 
336 |a text  |b txt  |2 rdacontent 
337 |a unmediated  |b n  |2 rdamedia 
338 |a volume  |b nc  |2 rdacarrier 
500 |a Includes index. 
504 |a Bibliography: pages 589-593. 
650 0 |a Pharmacy  |z Texas  |z Austin  |x History. 
610 2 0 |a University of Texas at Austin.  |b College of Pharmacy  |x History. 
700 1 |a Beutler, Margot E.  |q (Margot Elizabeth) 
710 2 |a University of Texas at Austin.  |b Pharmaceutical Foundation. 
999 |a MARS 
999 f f |s 4db36789-7c67-3ffd-97ed-45bee79babc8  |i 8019d83d-fa8f-3e24-9a59-f85d3d3b9d7e  |t 0 
952 f f |p ric  |a Texas A&M University  |b Rellis Campus  |c Joint Library Facility  |d Remote Storage  |t 0  |e RS111.T4 B87  |h Library of Congress classification  |i unmediated -- volume  |m A14805158122 
998 f f |a RS111.T4 B87  |t 0  |l Remote Storage